00563nam a2200205Ia 4500003000400000005001700004006001800021007000300039008004100042037001700083040001800100041001300118082001900131100002100150245003000171260004900201300001400250500007200264700002100336OSt20220926022929.0a|||||r|||| 00| 0ta220923b |||||||| |||| 00| 0 eng d cGeneral Book aRTLcRTLbeng 2engaeng aY:1.498.N6, K8 aSnellgrove David 0aCultural history of Tibet aNew YorkbWeidenfeld & Nicolson c1968 a307pccm. aBibliography : P 293-297; (Reprinted : Boulder, Prajna Press, 1980) a Richardson Hugh